000 01139nam a22002297a 4500
003 NALT
005 20210729162211.0
008 s2544 th tha d
040 _aNALT
041 _atha
090 _aว TC540 น726ก 2544
100 0 _aนุชนารถ ศรีวงศิตานนท์
245 1 0 _aการศึกษาผลกระทบต่อสภาพการเกิดน้ำท่วมจากการก่อสร้างเขื่อนทดน้ำบางปะกง
246 _aStudy of food effects due to construction of Bang Pakong barrage
260 3 _aกรุงเทพฯ :
_bมหาวิทยาลัยเกษตรศาสตร์,
_c2544
300 _a160 หน้า :
_b ตาราง, แผนที่, กราฟ ;
_c 29 ซม.
650 0 4 _aน้ำท่วม -- ผลกระทบจากเขื่อน -- วิจัย
650 0 4 _aเขื่อน -- ผลกระทบต่อสิ่งแวดล้อม -- วิจัย
850 _aNALT
942 _cRSH
_2lcc
998 _bSOPAPORN
_j109
_k อารีรัตน์ วิชาช่าง
999 _c30129
_d30129